000 00680nam a22001937a 4500
005 20161020130152.0
010 _aENG-116217
020 _a9780199467464
_c550.00
035 _aEN-99749
037 _bDBAD/PUB
082 0 4 _a305.5688095413
100 _aBadri Narayan
245 0 4 _a Making of the dalit public in North India:
_cby Badri Narayan
_bUttar Pradesh,1950-present /
260 _aNew Delhi
_bOxford University press
_c2016
270 _aYMCA Library Building,1 Jaisingh Road
_bNew Delhi
_e110001
300 _axxxviii,168 pages :
_c22cm(Hb)
_bill
500 _aIncludes bibliographical references and index.
942 _2ddc
_cEN
_h305.5688095413
_mBAD
999 _c104026
_d104026